| 000 | 00654nam a2200241 a 4500 | ||
|---|---|---|---|
| 005 | 20210219153316.0 | ||
| 008 | 991125n 000 0 u | ||
| 035 | _aUPN01000090728 | ||
| 100 | _aGast, Gert | ||
| 222 | 0 | _aEDUCATIONAL MEDIA INTERNATIONAL | |
| 245 | 0 | _aA online open learning campus? / [et al.] | |
| 300 | _a145-148 | ||
| 362 | _a29, No. 3, 1992 | ||
| 505 | _aJunio 1993 | ||
| 653 | 0 | _aDISEÑO ASISTIDO POR ORDENADOR | |
| 653 | 0 | _aEDUCACION A DISTANCIA | |
| 653 | 0 | _aREDES DE COMPUTADORAS | |
| 653 | 0 | _aSISTEMAS EN LINEA | |
| 700 | _aOunsworth, Jenny | ||
| 700 | _aLewis, Elyn | ||
| 904 |
_aAC _b028539 |
||
| 905 | _aArticulo | ||
| 999 |
_c73726 _d73726 |
||